00324nam a22001337a 4500003000400000008004100004020001800045082001400063100001900077245004300096250001100139260003100150300000900181OSt260220b |||||||| |||| 00| 0 eng d a9781032888002 a658.7 BAS aBAISYA,Rajat K aSupply Chain and Logistics Manangement a1st Ed aNew DelhibRoutledgec2024 a320p